| 000 | 00638nam a2200253Ia 4500 | ||
|---|---|---|---|
| 008 | 170711s9999 xx 000 0 und d | ||
| 020 | _a9781858303772 | ||
| 050 | _a611 | ||
| 050 | _bB871 2002 | ||
| 100 | _aBrook, John H.R. | ||
| 245 | _aMy first book of the human body / | ||
| 245 | _cJohn H.R. Brook. | ||
| 260 | _aUK : | ||
| 260 | _bGrandreams Books Limited, | ||
| 260 | _c2002 | ||
| 300 | _aunpages : | ||
| 300 | _bcolored illustrations ; | ||
| 300 | _c21cm. | ||
| 650 | _aHuman body -- | ||
| 650 | _aHuman physiology -- | ||
| 650 | _xJuvenile literature. | ||
| 650 | _xJuvenile literature. | ||
| 700 | _aTitle. | ||
| 999 |
_c339973 _d339973 |
||